Demand and supply relations in a changing climate (Record no. 56790)

MARC details
000 -LEADER
fixed length control field 00461nam a2200121Ia 4500
100 ## - MAIN ENTRY--AUTHOR NAME
Personal name Evans Stephen V.
245 #0 - TITLE STATEMENT
Title Demand and supply relations in a changing climate
260 ## - PUBLICATION, DISTRIBUTION, ETC. (IMPRINT)
Name of publisher International Workshop on Climate Change and Rubber Cultivation: R & D Priorities, 28-30 July 2010, Rubber Research Institute of India, Kottayam, pp.2.
Year of publication 2010
650 ## - SUBJECT ADDED ENTRY--TOPICAL TERM
Topical Term Climate change
650 ## - SUBJECT ADDED ENTRY--TOPICAL TERM
Topical Term NR Production
942 ## - ADDED ENTRY ELEMENTS (KOHA)
Koha item type Journals
Holdings
Withdrawn status Lost status Damaged status Not for loan Home library Current library Shelving location Date acquired Koha item type
      Journals RRII Library RRII Library Climate change 13/08/2010 Journals